Normal view
MARC view
- Cristi, Roberto
Entry Personal Name
001 - CONTROL NUMBER
- control field: 104619
003 - CONTROL NUMBER IDENTIFIER
- control field: NUST
005 - DATE AND TIME OF LATEST TRANSACTION
- control field: 20221212103919.0
008 - FIXED-LENGTH DATA ELEMENTS
- fixed length control field: 221212|| aca||aabn | a|a d
040 ## - CATALOGING SOURCE
- Original cataloging agency: NUST
- Transcribing agency: NUST
100 ## - HEADING--PERSONAL NAME
- Personal name: Cristi, Roberto
670 ## - SOURCE DATA FOUND
- Source citation: Work cat.: (NUST)182696: Cristi, Roberto., Modern digital signal processing /, c2004.
